000 00410nam a2200145Ia 4500
008 100204s9999 xx 000 0 und d
082 _b9943
100 _aकाकोडकर चंद्र्रकांत
245 _aभास
260 _b"पूजा प्रकाशन , मुंबई 14"
_c1987
300 _a183
630 _aभास
730 _aभास
942 _cBOOK
999 _c454379
_d454376